Such A Whore - Jvla (Stellular Remix) - All Lyrics - Statistics

General Stats
  • This quiz has been taken 7 times
  • The average score is 63 of 111
Answer Stats
Answer % Correct
a
100%
fuck
100%
fuckin'
100%
I
100%
I-I
100%
I'll
100%
it
100%
love
100%
ooh
100%
such
100%
whore,
100%
whore
100%
You
100%
so
67%
bitch
50%
don't
50%
Don't
50%
feel
50%
her,
50%
Her
50%
her
50%
just
50%
like
50%
Like
50%
lonely
50%
me
50%
on
50%
she
50%
she's
50%
And
33%
fire
33%
for
33%
For
33%
in
33%
leave
33%
need
33%
need,
33%
pony
33%
ride
33%
side
33%
the
33%
The
33%
when
33%
die
17%
Every
17%
horny,
17%
I'm
17%
life
17%
pussy,
17%
second
17%
we
17%
We
17%
would
17%
69
0%
bored
0%
item
0%
know
0%
moaning,
0%
more
0%
private
0%
Room
0%
sweat,
0%
used
0%
you'd
0%
No matching quizzes found
Score Distribution
Percent of People with Each Score
Percentile by Number Answered
Your Score History
You have not taken this quiz